| 000 | 00812cab a2200277 4500 | ||
|---|---|---|---|
| 001 | WB2917-12 | ||
| 008 | 090401t1993 xxu||||| |||| 00| 0 eng d | ||
| 035 | _a(Sirsi) u17956 | ||
| 041 | _aeng | ||
| 245 | _aSecurity | ||
| 260 | _c1993 | ||
| 300 | _aLOAN | ||
| 350 | _a0 | ||
| 490 |
_aTimes _v5 May 1993 |
||
| 520 | _aCovers the flourishing UK security industry, securing retail premises, closed circuit television and security measures during the construction of the Channel tunnel. | ||
| 650 | _aBRITISH SECURITY INDUSTRY ASSOCIATION | ||
| 650 | _aCCTV | ||
| 650 | _aCRIME | ||
| 650 | _aSECURITY INDUSTRY | ||
| 650 | _aSHOPLIFTING | ||
| 650 | _aTERRORISM | ||
| 690 | _aBUILT ENVIRONMENT-BUILDING STANDARDS | ||
| 690 | _aCOMMERCIAL PROPERTY-MANAGEMENT | ||
| 942 | _n0 | ||
| 948 | _c04/03/1997 | ||
| 999 |
_c11909 _d11909 |
||